Language Quiz

Random Language or Latin Quiz

Book Titles in Latin Quiz Stats

 Plays Quiz Updated Jul 26, 2017

Support Sporcle.
Go Orange.
Score 0/25 Timer 08:00
0 Plays Today
Latin Title English Title % Correct
bellum et paxWar and Peace
94%
MCMLXXXIV1984
90.9%
fundus animaliumAnimal Farm
85.8%
leo, saga, et vestiariumThe Lion, the Witch, and the Wardrobe
84.8%
dominus anulorum*The Lord of the Rings
84.1%
superbia et invidiaPride and Prejudice
73.7%
de muribus et hominibusOf Mice and Men
73.6%
dominus muscarumLord of the Flies
73.5%
parvae mulieresLittle Women
73.1%
fabula de duabus urbibusA Tale of Two Cities
68.3%
centum anni solitudinisOne Hundred Years of Solitude
67.9%
uvae iraeThe Grapes of Wrath
66.9%
insula praedaeTreasure Island
66%
Latin Title English Title % Correct
magnae spesGreat Expectations
63.4%
scelus et poenaCrime and Punishment
59.9%
femina in albaThe Woman in White
50.2%
obscurus hortusThe Secret Garden
44.2%
ventus in salicibusThe Wind in the Willows
37.4%
obscurae res eius*His Dark Materials
34%
custodes! custodes!Guards! Guards!
28.5%
color magicarum artarumThe Colour of Magic
25.8%
hirundines et AmazonesSwallows and Amazons
22.1%
procul a furiarente turbaFar From The Madding Crowd
21.6%
caudicesThe Twits
18.8%
castrum capioI Capture the Castle
13.1%

You're not logged in!

Compare scores with friends on all Sporcle quizzes.
OR
Log In
Forgot?

From the Vault

Presidential Best Picture

by rorymac666

'All the President’s Men' was merely nominated. What a shame.
Remove Ads.
Support Sporcle.
Get the best of Sporcle when you Go Orange. This ad-free experience offers more features, more stats, and more fun while also helping to support Sporcle. Thank you for becoming a member.

Show Comments

Extras

Top Quizzes Today


Score Distribution

Your Account Isn't Verified!

In order to create a playlist on Sporcle, you need to verify the email address you used during registration. Go to your Sporcle Settings to finish the process.

Report this User

Report this user for behavior that violates our Community Guidelines.

Details: